[Event "LLB"]
[Site "?"]
[Date "2008.09.20"]
[Round "1"]
[White "Ljubic, Juro"]
[Black "Grundner, Alois"]
[Result "1-0"]
[WhiteElo "2164"]
[BlackElo "1921"]
[Annotator ",lois"]
[PlyCount "113"]
[TimeControl "300"]

{157MB, Fritz10.ctg, NAME-65104D6971} 1. e4 d5 2. exd5 Nf6 3. d4 Nxd5 4. c4 Nb6
5. Nc3 e5 6. Qe2 Be7 7. d5 O-O 8. Be3 Bb4 9. Qc2 f5 10. f3 Nxc4 11. Bf2 Qxd5
12. Rd1 Qf7 13. a3 Bxc3+ 14. Qxc3 Be6 15. Nh3 h6 16. Be2 Nc6 17. O-O Rad8 18.
Rc1 Nd6 19. b4 a6 20. Bxa6 Nxb4 21. axb4 bxa6 22. Qxe5 Rfe8 23. Qc5 Nb5 24. Nf4
Bc8 25. h4 Bb7 26. Rfe1 h5 27. Rcd1 Rxd1 28. Rxd1 Kh7 29. Nh3 Qf8 30. Ng5+ Kh8
31. Qc4 Qf6 32. Bg3 Qe7 33. Re1 Qd7 34. Rxe8+ Qxe8 35. Qc5 Bc8 36. Kh2 Bd7 37.
Be5 Kg8 38. Qd5+ Kh8 39. Qc5 Bc6 40. Bf4 Bd7 41. Qd5 Bc8 42. Qc4 Qd7 43. Be5
Nd6 44. Qc5 Qe7 45. Bxd6 Qxd6+ 46. Qxd6 cxd6 47. Nf7+ Kg8 48. Nxd6 Bd7 49. Kg3
g6 50. Kf4 Kg7 51. Ke5 Ba4 52. f4 Bc6 53. g3 Bg2 54. Ke6 Bc6 55. Ke7 Ba4 56.
Ne8+ Kg8 57. Nc7 1-0

[Event "LLB"]
[Site "?"]
[Date "2008.10.11"]
[Round "?"]
[White "Grundner, Alois"]
[Black "Wieser, Rupert"]
[Result "0-1"]
[WhiteElo "1921"]
[BlackElo "1960"]
[Annotator ",lois"]
[PlyCount "56"]
[TimeControl "40/7200:20/3600:1800"]

{157MB, Fritz10.ctg, NAME-65104D6971} 1. d4 Nf6 2. c4 Nc6 3. Nc3 e5 4. d5 Ne7
5. e4 Ng6 6. Nf3 Bc5 7. Bd3 O-O 8. O-O a6 9. Qe2 d6 10. h3 Nh5 11. Bc2 Ng3 12.
Qe1 Nxf1 13. Kxf1 h6 14. Be3 Bxe3 15. Qxe3 Nf4 16. c5 Bd7 17. a4 Qe7 18. b4 a5
19. cxd6 cxd6 20. bxa5 Rxa5 21. Bb3 b5 22. Nd2 Rfa8 23. Bd1 bxa4 24. Nc4 R5a6
25. Nb6 Rb8 26. Nxd7 Qxd7 27. Bxa4 Qc8 28. Rc1 Qc4+ 0-1

[Event "LLB"]
[Site "?"]
[Date "2008.10.25"]
[Round "?"]
[White "Grundner, Alois"]
[Black "Hamsic, Vahidn"]
[Result "1-0"]
[WhiteElo "1921"]
[BlackElo "1840"]
[Annotator "Fritz 10 (15s)"]
[PlyCount "103"]

{A50: Damenindisch (ohne e7-e6)} 1. d4 Nf6 2. c4 e6 3. Nc3 b6 4. e4 d6 5. Nf3
Bb7 6. Bd3 Be7 7. O-O {letzter Buchzug} h6 8. e5 dxe5 9. Nxe5 Nc6 $2 (9... O-O
$142 $5 $16) 10. Qa4 $18 O-O $2 (10... Qd6 $142 11. c5 $1 {Hinlenkung: c5} bxc5
$18) 11. Nxc6 Bxc6 12. Qxc6 Qxd4 13. Rd1 Qe5 14. Qf3 Bd6 15. g3 Nh7 (15... Rfd8
{ändert nichts am Ausgang der Partie} 16. Bf4 Qh5 17. Qxh5 Nxh5 18. Be4 $18)
16. Bxh7+ (16. Bf4 $5 {damit würde Weiß es sich noch erleichtern} Qf6 17. Qe4
g6 18. Bxh6 Rfd8 $18) 16... Kxh7 17. Bf4 (17. Qd3+ {erleichterte Weiß die
Gewinnführung} f5 18. Bf4 Qc5 19. Bxd6 cxd6 $18) 17... Qf5 18. Qd3 Qxd3 19.
Rxd3 e5 20. Be3 f5 21. Nb5 f4 (21... e4 {wäre gleichermaßen fruchtlos} 22. Rd5
Bxg3 23. fxg3 $18) 22. gxf4 exf4 23. Nxd6 (23. Bd4 $142 $5 {gibt noch größeren
Vorteil} Rae8 $18) 23... fxe3 24. Ne4 exf2+ 25. Nxf2 Rf4 26. b3 Raf8 (26... Re8
27. Nh3 Rg4+ 28. Kf1 $18) 27. Rd2 h5 (27... a6 28. Re1 $18) 28. Re1 R8f7 29. h3
a5 30. Ne4 (30. Re8 {und Weiß hätte es noch leichter} Kh6 $18) 30... Kh6 31.
Rg2 Re7 32. Rge2 a4 33. Nd2 Rd7 34. Re6+ (34. Rg2 {gibt noch größeren Vorteil}
axb3 35. axb3 Rdf7 $18) 34... g6 (34... Rf6 35. Nf3 $18) 35. R1e2 axb3 36. axb3
Rfd4 (36... Rf5 37. Kh2 $18) 37. Nf3 Rf4 (37... R4d6 {hilft auch nicht mehr}
38. b4 $18) 38. Kg2 (38. Ne5 {wäre im Gewinnsinne präziser} Rg7 $18) 38... Rdf7
(38... Rf5 {nützt auch nichts mehr} 39. R2e5 Rf4 40. Re3 $18) 39. R2e3 h4 (
39... R4f5 {ändert nichts am Ausgang der Partie} 40. h4 $18) 40. R6e4 g5 (40...
Rxe4 {wäre gleichermaßen fruchtlos} 41. Rxe4 Rf5 42. Rxh4+ Kg7 43. Rd4 $18) 41.
Rxf4 gxf4 42. Rd3 (42. Re6+ {erleichterte Weiß die Gewinnführung} Kh5 43. Ne5
f3+ 44. Kf2 Rf5 $18) 42... Rg7+ 43. Kh2 (43. Kf2 {ginge schneller} Rg3 $18)
43... Rg3 44. b4 (44. Ne1 {und Weiß hätte es noch leichter} Rg8 $18) 44... Rg6
(44... Kg7 45. Ne1 Kf6 46. Rxg3 hxg3+ 47. Kg2 $18) 45. Nxh4 Re6 46. Kg2 (46.
Nf3 {ist genauer} Re2+ 47. Kg1 Kg6 $18) 46... Re4 (46... Re2+ {ändert nichts
mehr} 47. Kf1 Rc2 48. Rd4 $18) 47. Rc3 (47. Rd4 {lässt dem Gegner kaum Chancen}
Re2+ 48. Kf3 Rb2 49. Kxf4 Rb3 50. Nf5+ Kg6 $18) 47... b5 (47... Kg5 {nützt
auch nichts mehr} 48. Nf3+ Kf5 49. Kf1 $18) 48. Kf3 Re8 (48... Rxc4 {ändert
den Lauf der Dinge nicht} 49. Rxc4 bxc4 50. Kxf4 $18) 49. Kxf4 (49. cxb5 {
damit würde Weiß es sich noch erleichtern} Re5 50. Rc6+ Kg7 51. Rxc7+ Kg8 $18)
49... bxc4 (49... Rf8+ {macht keinen großen Unterschied} 50. Nf5+ Kg6 51. Rg3+
Kf6 52. cxb5 $18) 50. Rxc4 Rg8 (50... Rb8 {hilft allerdings auch nicht} 51.
Nf5+ Kh5 52. Ke5 $18) 51. Nf5+ Kh5 (51... Kh7 {holt die Kuh nicht vom Eis} 52.
Rxc7+ Kh8 53. b5 $18) 52. Rc6 (52. Rc6 Rg6 53. Rxc7 $18) 1-0

[Event "LLB"]
[Site "?"]
[Date "2008.11.15"]
[Round "?"]
[White "Doppler, Gerwin"]
[Black "Grundner, Alois"]
[Result "1-0"]
[WhiteElo "1682"]
[BlackElo "1921"]
[Annotator ",lois"]
[PlyCount "75"]
[TimeControl "40/7200:20/3600:1800"]

{157MB, Fritz10.ctg, NAME-65104D6971} 1. d4 Nf6 2. Bg5 e6 3. Nd2 d5 4. Ngf3 Be7
5. c3 Nbd7 6. Qc2 c5 7. e3 a6 8. Be2 O-O 9. O-O b6 10. e4 dxe4 11. Nxe4 Bb7 12.
Nxf6+ Bxf6 13. Bxf6 Qxf6 14. Rad1 Rac8 15. Rd3 Be4 16. Ne5 Nxe5 (16... Rfd8 17.
Qb3 Bxd3 18. Nxd7 Rxd7 19. Bxd3 cxd4 20. Qxb6 dxc3 21. Bxa6 Qd8 22. Qxd8+ Rcxd8
23. bxc3 Ra7 24. Bc4 Rc7 25. Bb3 Rxc3) 17. dxe5 Qe7 18. Qa4 Bxd3 19. Bxd3 Ra8 (
19... c4 20. Be4 Qc5 21. Re1 Rcd8 22. Qxa6 (22. Qc2 Rd7 23. Bxh7+ Kh8 24. Be4
Qxe5 25. Rf1 b5 26. a4 Rfd8 27. axb5 Rd2 28. Qb1 Qxb5 29. Qa1 Kg8 30. Qa2 Rxb2
31. Qa3 Rdd2 32. Qe7 Qd7 33. Qxd7 Rxd7 34. f4 Rb3 35. Ra1 Rd6 36. Rc1 Rb2)
22... Rd2 23. Rf1 Rxb2) 20. Qe4 g6 21. h4 h5 (21... b5 22. h5 Rad8 23. hxg6
hxg6 24. Qe3 Qd7 25. Rd1 Qc6 26. g4 c4 27. Bc2 Rxd1+ 28. Bxd1 Qd5 29. Be2 Rd8
30. a4 Qd2 31. axb5 Qxe3 32. fxe3 axb5) 22. Re1 b5 23. Kh2 Rad8 24. Re2 Rd5 25.
Kh3 Rfd8 26. Bc2 Qd7 (26... Rd2 27. Rxd2 Rxd2) 27. g4 Rd2 28. gxh5 Rxe2 29.
Qxe2 Qd2 30. Qe4 Qxf2 31. hxg6 Rd2 32. gxf7+ Qxf7 33. Kg4 Qg7+ 34. Kh5 Qh8+ (
34... Rd5 {Das wäre der Gewinnzug gewesen!!!} 35. Qg6 Rxe5+ 36. Kg4 Re2 37.
Qxg7+ Kxg7 38. Bd1 Rxb2) 35. Kg5 Rg2+ {Wahnsinn in Zeitnot!} 36. Qxg2 Qg7+ 37.
Bg6 Qxe5+ 38. Kg4 1-0

[Event "LLB"]
[Site "?"]
[Date "2008.11.29"]
[Round "5"]
[White "Grundner, Alois"]
[Black "Frühauf, Norbert"]
[Result "0-1"]
[WhiteElo "1921"]
[BlackElo "1956"]
[Annotator ",lois"]
[PlyCount "84"]
[TimeControl "40/7200:20/3600:1800"]

{157MB, Fritz10.ctg, NAME-65104D6971} 1. d4 Nf6 2. c4 e6 3. Nc3 Bb4 4. Nf3 b6
5. Bg5 h6 6. Bh4 Bb7 7. e3 Bxc3+ 8. bxc3 d6 9. Bd3 Nbd7 10. O-O Qe7 11. Re1 O-O
12. e4 e5 13. a4 a5 14. Qc2 ({Fritz 10:} 14. Bg3 Rfe8 15. Rb1 Rab8 16. Nh4 g6
17. Qd2 Kh7 18. f3 {[%eval 38,14]}) 14... g5 15. Bg3 Nh5 16. Rab1 Nf4 17. Nd2 (
{Fritz 10:} 17. c5 dxc5 18. Bb5 c6 19. Bc4 Ba6 20. Bxa6 Rxa6 21. Nxe5 {[%eval
66,15]}) 17... Nf6 18. Nf1 Bc6 19. Ra1 Kh7 20. Ne3 ({Fritz 10:} 20. f3 N6h5 21.
Ne3 Nxd3 22. Qxd3 Kg8 23. Nd5 Bxd5 24. exd5 Nxg3 25. hxg3 Qf6 26. dxe5 dxe5 27.
Qe4 {[%eval 57,13]}) 20... N6h5 ({Fritz 10:} 20... Nxd3 21. Qxd3 Bxe4 22. Qe2
Bg6 23. Rad1 exd4 24. cxd4 Rae8 25. c5 dxc5 26. dxc5 Bh5 {[%eval -18,14]}) 21.
Nf5 Qe8 22. Bf1 Bd7 23. Re3 ({Fritz 10:} 23. Qd1 Ng7 24. Ne3 Rb8 25. Nd5 Qd8
26. Rb1 c6 27. Ne3 {[%eval 66,14]}) 23... f6 24. h3 Ng7 25. Bh2 Nxf5 26. exf5
Qc8 27. g4 Bc6 28. Rae1 ({Fritz 10:} 28. h4 Qd7 29. d5 Bb7 30. Rb1 Rg8 31. Qd1
Raf8 32. hxg5 fxg5 33. Bg2 Nxg2 {[%eval -17,14]}) 28... Qd7 29. Ra1 Qf7 30.
Rae1 Rae8 31. d5 Bd7 32. Rb1 Re7 33. f3 Qe8 34. Ra1 Rh8 35. Bxf4 exf4 36. Re4
Rxe4 37. fxe4 h5 38. Be2 hxg4 39. Bxg4 Kg7 40. Qd1 ({Fritz 10:} 40. Kg2 Rh4 41.
Bf3 Kh8 42. Qb3 Qe5 43. Rb1 Kg7 44. Qc2 Kf8 45. Qb3 Qe8 46. Ra1 Kg8 47. Qc2 Kh8
{[%eval -123,18]}) {Nach diesem Fehlzug in Zeitnot fällt die weiße Stellung:}
40... Qxe4 41. Qf1 Re8 42. Ra3 Bxf5 {Weiß wirft das Handtuch.} 0-1

[Event "LLB"]
[Site "?"]
[Date "2008.12.13"]
[Round "?"]
[White "Grundner, Alois"]
[Black "Misciasci, Alessa"]
[Result "1/2-1/2"]
[WhiteElo "1921"]
[BlackElo "1966"]
[Annotator "Fritz 10 (15s)"]
[PlyCount "125"]

{D15: Damengambit (Slawische Verteidigung)} 1. d4 d5 2. c4 c6 3. Nc3 Nf6 4. Nf3
a6 5. e3 Bf5 6. Be2 dxc4 7. Bxc4 e6 8. O-O {letzter Buchzug} Bd6 9. b3 (9. Re1
Ne4 $16) 9... Nbd7 10. Bb2 (10. Bd3 Bg6 $11) 10... O-O 11. Re1 Ne4 12. Nxe4
Bxe4 13. Nd2 {Weiß droht Materialgewinn: Sd2xe4} Bd5 (13... Bg6 14. e4 $11) 14.
Bd3 (14. e4 $142 $5 {sieht gut aus} Bxc4 15. Nxc4 $14) 14... f5 $15 15. e4 (15.
g3 $142 $5 $15 {lohnt die Prüfung}) 15... fxe4 16. Nxe4 Bxh2+ 17. Kxh2 Qh4+ 18.
Kg1 Bxe4 19. Rxe4 Qxf2+ 20. Kh1 Qxb2 21. Rxe6 (21. Re2 $142 Qc3 22. Rc1 $17)
21... Rf2 {Schwarz droht Materialgewinn: Tf2xg2} (21... Rf4 $142 {und die
Waage neigt sich zugunsten von Schwarz} 22. Qe1 Qxd4 $19 (22... Rxd4 $143 23.
Rd1 $14)) 22. Rb1 $15 {Weiß droht Materialgewinn: Tb1xb2} Qd2 (22... Qc3 $142
23. Rc1 Qa5 $17) 23. Be4 $2 (23. Qxd2 $142 {und Weiß kann noch kämpfen} Rxd2
24. Re7 $17) 23... Qg5 (23... Nf6 24. Bf3 Kf8 25. Kg1 $19) 24. Qd3 (24. Kg1
Rxa2 25. Qf3 Rf8 $19) 24... Nf6 25. Bf3 $2 (25. Qh3 Rf4 26. Re5 Qh4 $19) 25...
Ng4 (25... Qh4+ $142 {sichert den Gewinn} 26. Kg1 Rxf3 27. Qxf3 Ng4 $19) 26.
Bxg4 Qxg4 27. Qe4 Qxe4 (27... Rf4 28. Qe2 Qh4+ 29. Kg1 $19) 28. Rxe4 $17 Rxa2 {
Ein Doppelturmendspiel ist entstanden} (28... Rd8 29. Rc1 $17) 29. Re7 {Weiß
droht Materialgewinn: Te7xb7} Rd2 30. Rxb7 Rxd4 31. Re1 Rd6 32. Ree7 Rg6 33.
Rec7 h6 34. Rb6 {[%cal Rb6c6,Rc7c6,Gg6c6] Die Angriffsmarke c6} a5 35. Rbxc6
Rxc6 36. Rxc6 Kf7 37. Rb6 g6 38. Kh2 Re8 39. Rb5 Ra8 40. Kh3 Ra6 41. Kh4 a4 42.
bxa4 Rxa4+ 43. Kh3 h5 44. Rb6 Kg7 45. g3 Re4 46. Ra6 Kh6 47. Ra5 Re2 48. Rb5 g5
49. Rb6+ Kg7 50. Ra6 Rf2 51. Rb6 Rf6 52. Rb5 Kg6 53. Ra5 Re6 54. Kg2 Kf6 55.
Kf3 Re5 56. Ra6+ Kf5 {[%cal Yg5g4] Will g4 spielen} 57. Rh6 g4+ 58. Kf2 Ke4 59.
Ke2 Kf5+ 60. Kf2 Kg5 61. Rh8 Rb5 62. Kg2 Kf6 63. Rh6+ 1/2-1/2

[Event "LLB"]
[Site "?"]
[Date "2009.01.17"]
[Round "7"]
[White "Grundner, Alois"]
[Black "Schiner, Hartmut"]
[Result "0-1"]
[WhiteElo "1890"]
[BlackElo "2111"]
[Annotator ",lois"]
[PlyCount "54"]
[TimeControl "120"]

{157MB, Fritz10.ctg, NAME-65104D6971} 1. d4 d5 2. c4 e5 3. dxe5 d4 4. Nf3 Nc6
5. g3 Be6 6. Nbd2 Qd7 7. a3 a5 8. Bg2 Bh3 9. O-O h5 10. Ne4 Bxg2 11. Kxg2 h4
12. Nxh4 Nxe5 13. Qc2 Be7 14. Bf4 Ng6 15. Nxg6 Qh3+ 16. Kf3 Qh5+ 17. g4 Qxg6
18. Qb3 Rh3+ 19. Bg3 O-O-O 20. Qb5 Nh6 21. Qe5 Bd6 22. Nxd6+ Rxd6 23. Qe8+ Rd8
24. Qe4 f5 25. gxf5 Nxf5 26. Qg4 Qc6+ 27. Kf4 g5+ 0-1

[Event "LLB"]
[Site "?"]
[Date "2009.01.31"]
[Round "?"]
[White "Paulitsch, Josef"]
[Black "Grundner, Alois"]
[Result "1/2-1/2"]
[WhiteElo "1845"]
[BlackElo "1890"]
[Annotator ",lois"]
[PlyCount "98"]
[TimeControl "240+2"]

{157MB, Fritz10.ctg, NAME-65104D6971} 1. d4 Nf6 2. Nf3 e6 3. c4 d5 4. Nc3 c6 5.
e3 Bd6 6. Bd3 Nbd7 7. O-O O-O {letzter Buchzug} 8. Re1 e5 9. dxe5 Nxe5 10. Nxe5
Bxe5 11. Be2 ({-1.06 Fritz 10:} 11. cxd5 cxd5 12. Bd2 Re8 13. Rc1 Ne4 14. Qh5
g6 {[%eval -21,12]}) 11... Be6 12. cxd5 Bxc3 ({0.03 Fritz 10:} 12... Nxd5 13.
Nxd5 Bxd5 14. f4 Bd6 15. Bd3 f5 16. Qc2 Qf6 17. Bd2 Rae8 18. Bc3 {[%eval -92,
12]}) 13. bxc3 Nxd5 14. Qc2 Qf6 15. Bb2 Qg5 16. Rad1 h5 ({0.84 Fritz 10:} 16...
Bf5 17. Bd3 Bxd3 18. Qxd3 Rad8 19. c4 Nb6 20. Qc2 c5 21. Rxd8 {[%eval 18,12]})
17. a3 h4 18. c4 Bf5 19. Bd3 Ne7 20. Bxf5 Nxf5 21. h3 Rad8 22. Qc3 Rfe8 23.
Rxd8 Rxd8 24. Qe5 Qg6 ({1.54 Fritz 10:} 24... Rd6 25. c5 Rg6 26. Qe4 Re6 27.
Qf3 b5 28. Rd1 Nh6 29. Bd4 Nf5 30. Bc3 {[%eval 57,12]}) 25. e4 Nh6 26. Qe7 Qd6
27. Qxh4 f6 28. Re3 Nf7 29. Rg3 Ne5 30. f4 {Dieser Zug verliert sofort!} ({-13.
53 Fritz 10:} 30. c5 Qe7 31. Bxe5 Qxe5 32. Qg4 Qe7 33. Rb3 Rd2 34. Qc8+ Kh7 35.
Qf5+ Kg8 {[%eval 164,12]}) 30... Nxc4 ({Das wäre der einfachste und schnellste
Gewinn gewesen:} 30... Qc5+ 31. Kh2 Rd1 32. Rxg7+ Kxg7 33. Qg3+ Kf8 34. Qc3
Qg1+ 35. Kg3 Rd3+ 36. Qxd3 Nxd3 37. Bxf6 Qf2+ 38. Kg4 Qxf4+ 39. Kh5 Qxf6 {
[%eval -1353,12]}) 31. Bxf6 Rd7 32. Qg5 {Die Dame gehört auf h6, dann gewinnt
wieder Weiß.} ({-2.68 Fritz 10:} 32. Qh6 Qc7 33. Qg6 Qxf4 34. Bxg7 Qxg3 35.
Qxg3 Rxg7 {[%eval 359,12]}) 32... Qd1+ 33. Kh2 Nd2 34. h4 Nxe4 {Noch stärker
wäre Sf1+!} ({-2.12 Fritz 10:} 34... Nf1+ 35. Kh3 Nxg3 36. Kxg3 Qg1 37. h5 Rd3+
38. Kg4 Qxg2+ 39. Kf5 Qh3+ 40. Ke5 Rg3 41. Qf5 Qxf5+ {[%eval -431,12]}) 35. Qg6
Nxg3 36. Qxg3 Kh7 37. Be5 Qh5 {Zeitnotzüge!} 38. Kh3 Qf5+ 39. Kh2 Qh5 ({0.00
Fritz 10:} 39... c5 40. a4 b6 41. Kg1 Qc2 42. Qg5 Rd1+ 43. Kh2 Qg6 44. Qxg6+ {
[%eval -278,12]}) 40. Kh3 Qf5+ 41. Kh2 c5 42. Qc3 ({-3.48 Fritz 10:} 42. a4 b6
43. Kg1 Qc2 44. Qg5 Rd1+ 45. Kh2 Qg6 46. Qxg6+ {[%eval -278,12]}) 42... Qg4 43.
Qc2+ Kh6 44. Qf2 b6 45. f5 Rd3 {Ein Fehlerzug, der eigentlich die Partie
kosten hätte müssen!} ({-1.08 Fritz 10:} 45... Rf7 46. f6 gxf6 47. g3 Kg6 48.
Bc3 c4 49. Qe3 b5 50. Kg2 Rd7 51. Qe8+ {[%eval -370,12]}) (45... Rd5 46. Bf4+
Kh7 47. f6 gxf6 48. Bb8 Qd4 49. Qe1 Rd7 50. Bg3 Qg4 51. Qf2 f5 52. Qe3 c4 53.
Be1 b5 54. Qf2 Rd4 55. Kg1) 46. f6 gxf6 47. Qxf6+ Qg6 (47... Kh7 {[%emt 0:00:
00]} 48. Qh8+ Kg6 49. Qg7+ Kf5 50. Qd7+) 48. Qh8+ Qh7 49. Qf6+ {Und mit diesem
Zug verschenkt Weiß wieder die Möglichkeit zum Sieg!! So wäre die Partie zu
gewinnen gewesen:} ({0.00 Fritz 10:} 49. Qf8+ Kh5 50. Qf6 {[%eval 301,12]
droht Matt} Qg6 51. g4+ Qxg4 52. Qh8+ Kg6 53. Qg8+ Kf5 (53... Kh5 54. Qh7#) 54.
Qc8+ Kxe5 55. Qxg4 Rxa3) 49... Qg6 {und die beiden Partner einigen sich (zu
Unrecht) auf Remis! Eine "Komödie der Irrungen"!} 1/2-1/2

[Event "Lienz Open"]
[Site "?"]
[Date "2009.02.10"]
[Round "?"]
[White "Siebenhuener, Michael"]
[Black "Grundner, Aois"]
[Result "1-0"]
[WhiteElo "2055"]
[BlackElo "1890"]
[Annotator ",lois"]
[PlyCount "105"]
[TimeControl "240+2"]

{157MB, Fritz10.ctg, NAME-65104D6971} 1. e4 d5 2. exd5 Nf6 3. Bb5+ Bd7 4. Bc4
b5 5. Bb3 Bg4 6. f3 Bc8 {letzter Buchzug} 7. a4 b4 8. d4 Nxd5 9. Ne2 e6 10. O-O
Bb7 11. c4 bxc3 12. bxc3 a5 13. c4 Nb4 14. Be3 Be7 15. Nbc3 Nd7 16. Qd2 Nf6 17.
Rfd1 O-O 18. Rac1 Qd7 19. Nf4 Rfd8 20. Qf2 Bd6 21. Nd3 Bc6 ({0.96 Fritz 10:} 
21... Nxd3 22. Rxd3 Bf8 23. Nb5 Rab8 24. Bf4 Rdc8 25. Qe1 Bb4 26. Qe5 Bc6 27.
Nxc7 Bxa4 28. Bxa4 {[%eval 28,12]}) 22. Nb5 ({0.41 Fritz 10:} 22. Ne5 Qe8 23.
Qg3 Rab8 24. Nb5 Ba8 25. Bg5 Kh8 26. Rb1 Qe7 27. Nxd6 cxd6 28. Ng4 Bc6 29. Nxf6
gxf6 {[%eval 96,12]} 30. Bh4 {[%eval 105,14] [%emt 0:00:11]} Rg8 {[%emt 0:00:
04]} 31. Qf4 {[%eval 130,14] [%emt 0:00:11]} Rg6 {[%emt 0:00:44] (Kg7)} 32. Bc2
{[%eval 116,13] [%emt 0:00:12]}) 22... h6 ({1.51 Fritz 10:} 22... Nxd3 23. Rxd3
Rdc8 24. Nxd6 cxd6 25. Ra1 Rab8 26. Qe1 d5 27. c5 Qc7 28. Bd2 Ra8 29. Qg3 Qxg3
{[%eval 41,12]}) 23. Ne5 Qe8 24. Nd3 ({0.00 Fritz 10:} 24. Qg3 Kh8 25. Nxd6
cxd6 26. Nxc6 Nxc6 27. Qh4 Rab8 28. Rb1 e5 29. Re1 Qd7 30. dxe5 dxe5 31. Bxh6
gxh6 {[%eval 151,12]}) 24... Nxd3 ({0.87 Fritz 10:} 24... Qd7 {[%eval 0,12]})
25. Rxd3 Rd7 26. Rcd1 Bb4 27. Qg3 Bxb5 28. axb5 Kh8 ({1.64 Fritz 10:} 28... a4
29. Ba2 Bd6 30. f4 Qd8 31. Qf3 a3 32. c5 Bf8 {[%eval 103,12]}) 29. Ba4 Re7 30.
Qh4 Nh7 31. f4 Qd8 32. Bc1 Rd7 33. Qf2 Nf6 34. Bb2 Ne4 35. Qc2 Rd6 36. Bb3 ({
1.40 Fritz 10:} 36. Rh3 f5 37. Qe2 Rb8 38. Bc2 c6 39. bxc6 Rxc6 40. Bxe4 fxe4
41. Qxe4 Rxc4 42. Qe5 Kh7 43. Qxe6 {[%eval 189,12]}) 36... Qh4 ({1.96 Fritz 10:
} 36... c5 37. d5 a4 38. Bxa4 exd5 39. Rxd5 Nd2 40. Rxd6 Qxd6 41. f5 Qf4 42.
Bc1 Rd8 43. f6 gxf6 {[%eval 140,12]}) 37. g3 ({1.12 Fritz 10:} 37. Rh3 Qxf4 38.
Rf1 Qg4 39. Rxf7 Ng5 40. Rg3 Qxg3 41. hxg3 Nxf7 42. c5 Rdd8 43. Qg6 Rf8 44. b6
cxb6 45. Bxe6 Ng5 46. cxb6 {[%eval 196,12]}) 37... Qe7 ({1.62 Fritz 10:} 37...
Qh3 38. Re3 Nf6 39. Ba4 Ng4 40. Rf3 Nf6 41. f5 Qh5 42. Rf4 Re8 43. b6 {[%eval
112,12]}) 38. Qg2 f5 39. Ba4 ({1.04 Fritz 10:} 39. Re3 Qd8 40. Bc2 Nf6 41. Ba4
Ne4 42. g4 Qh4 43. Bc2 a4 44. Rh3 {[%eval 158,12]} Qf6 {[%eval 188,10] [%emt 0:
00:09]}) 39... Rad8 40. Qf3 Qd7 41. Bc2 Qf7 ({1.41 Fritz 10:} 41... c6 42. c5
Rd5 43. b6 a4 44. g4 Ra8 45. Ra1 Nd2 46. Qe2 {[%eval 91,12]}) 42. Kg2 {[%emt 0:
00:00]} ({1.03 Fritz 10:} 42. Re3 Nf6 43. h3 Qd7 44. g4 c6 45. Ba4 c5 46. gxf5
{[%eval 141,12]}) 42... R6d7 43. Qe2 Qg6 ({So hätte man die Partie vielleicht
noch einmal drehen können:} 43... e5 44. fxe5 Qxc4 45. Re3 Qxe2+ 46. Rxe2 Bc3
47. e6 Re7 48. Bxe4 Bxb2 49. Bxf5 Rxd4 {[%eval 87,12]}) 44. Re3 Kg8 45. Bxe4
fxe4 46. Rxe4 Kf7 ({2.89 Fritz 10:} 46... Rd6 47. Re5 c5 48. h3 R8d7 49. Rf1
Rc7 50. d5 exd5 51. cxd5 Kh7 52. f5 Qg5 {[%eval 226,12]}) 47. h4 h5 48. Re5 Rh8
({8.75 Fritz 10:} 48... Qg4 49. Qc2 Be7 50. f5 exf5 51. Rxf5+ {[%eval 227,12]})
49. Rg5 Qh6 50. d5 Bf8 ({18.49 Fritz 10:} 50... Re7 51. Rxg7+ Ke8 52. Rxe7+
Kxe7 53. dxe6 Rd8 54. f5 Rxd1 55. f6+ Ke8 {[%eval 964,12]}) 51. dxe6+ Qxe6 52.
Qxe6+ Kxe6 53. Re5+ 1-0

[Event "Lienz Open"]
[Site "?"]
[Date "2009.02.07"]
[Round "1"]
[White "Dettler, Dr., Thomas"]
[Black "Grundner, Alois"]
[Result "1-0"]
[WhiteElo "2095"]
[BlackElo "1890"]
[Annotator ",lois"]
[PlyCount "39"]
[TimeControl "240+2"]

{157MB, Fritz10.ctg, NAME-65104D6971} 1. b3 d5 2. Bb2 e6 3. e3 Nf6 4. Nf3 Be7
5. d4 Nbd7 6. Nbd2 O-O 7. Bd3 c5 8. O-O b6 9. Qe2 Bb7 10. Rfd1 Ne4 11. Bxe4
dxe4 12. Ne5 Nxe5 ({Fritz 10:} 12... cxd4 13. exd4 f5 14. Ndc4 Rc8 15. Nxd7
Qxd7 16. Ne5 Qd6 17. a4 f4 18. Ba3 f3 19. Qe3 Qc7 {[%eval -1,13]}) 13. dxe5 Qe8
14. Qg4 f5 15. exf6 Bxf6 16. Bxf6 Rxf6 17. Nc4 Bd5 18. Ne5 Rf5 ({Fritz 10:} 
18... Qe7 19. c4 Qd6 20. Qg3 Rf5 21. Ng4 Qxg3 22. hxg3 Bb7 23. Rd7 Bc8 24. Rd8+
Kf7 25. Rad1 {[%eval 45,14]}) 19. Rxd5 h5 20. Qxe4 1-0

[Event "Lienz Open"]
[Site "?"]
[Date "2009.02.08"]
[Round "2"]
[White "Grundner, Alois"]
[Black "Hackbarth, Christa"]
[Result "1-0"]
[WhiteElo "1890"]
[BlackElo "1908"]
[Annotator ",lois"]
[PlyCount "95"]
[TimeControl "240+2"]

{157MB, Fritz10.ctg, NAME-65104D6971} 1. d4 d5 2. c4 c6 3. Nf3 Nf6 4. Nc3 Bf5
5. Qb3 b6 6. e3 e6 7. cxd5 exd5 8. Be2 Bd6 9. O-O O-O 10. Ne5 Re8 11. f4 Ne4
12. Bf3 Be6 13. Qc2 f5 14. Bh5 g6 15. Nxe4 dxe4 16. Be2 Qc8 17. Bc4 Bxe5 18.
fxe5 Bxc4 19. Qxc4+ Qe6 20. b3 Nd7 21. Bb2 Rac8 22. Rac1 Qd5 23. Rf2 Kf7 24.
Rfc2 Ke6 25. Qa6 Rc7 26. Ba3 Nb8 27. Qa4 Rcc8 28. Bd6 c5 29. dxc5 bxc5 30. Rxc5
Qd3 31. Qc4+ Qxc4 32. R1xc4 Rxc5 33. Rxc5 Nd7 34. Rc7 a5 35. Ra7 Nxe5 36. Bxe5
Kxe5 37. Rxa5+ Ke6 38. Rc5 Rd8 39. Rc2 Rd3 40. Kf2 g5 41. g3 h5 42. Ke2 Kd5 43.
Rd2 f4 44. gxf4 g4 45. Rxd3+ exd3+ 46. Kxd3 h4 47. e4+ Ke6 48. Ke3 1-0

[Event "Lienz Open"]
[Site "?"]
[Date "2009.02.08"]
[Round "3"]
[White "Nohl, Hansjörg"]
[Black "Grundner, Alois"]
[Result "1/2-1/2"]
[WhiteElo "2040"]
[BlackElo "1890"]
[Annotator ",lois"]
[PlyCount "36"]
[TimeControl "240+2"]

{157MB, Fritz10.ctg, NAME-65104D6971} 1. d4 Nf6 2. Nf3 e6 3. c4 d5 4. Nc3 c6 5.
Bg5 Nbd7 6. e3 Be7 7. Bd3 a6 8. O-O O-O 9. a4 b6 10. Qc2 Bb7 11. b3 h6 12. Bh4
c5 13. Qe2 cxd4 14. exd4 Ne4 15. Bxe7 Nxc3 16. Bxd8 Nxe2+ 17. Bxe2 Rfxd8 18.
Rac1 Rac8 1/2-1/2

[Event "Lienz Open"]
[Site "?"]
[Date "2009.02.09"]
[Round "4"]
[White "Grundner, Alois"]
[Black "Unterrainer, Manuel"]
[Result "1-0"]
[WhiteElo "1890"]
[BlackElo "2034"]
[Annotator ",lois"]
[PlyCount "49"]
[TimeControl "240+2"]

{157MB, Fritz10.ctg, NAME-65104D6971} 1. d4 Nf6 2. c4 e6 3. Nc3 Bb4 4. Qc2 b6
5. e4 Bb7 6. Bd3 Nc6 7. Nf3 Be7 8. a3 e5 9. Ne2 ({Fritz 10:} 9. d5 Nd4 10. Nxd4
exd4 11. Nb5 c6 12. Nxd4 cxd5 13. exd5 O-O 14. O-O Qc7 15. Be3 Rfe8 16. Nf5 {
[%eval 156,2]}) 9... h5 10. d5 Nd4 11. Nexd4 exd4 12. Nxd4 Ng4 13. O-O Bd6 14.
Nf3 h4 15. e5 h3 16. exd6 hxg2 17. Re1+ Kf8 18. Bg5 Nxh2 19. Be7+ Kg8 20. Bxd8
Nxf3+ 21. Kxg2 Nxe1+ 22. Rxe1 Rxd8 23. dxc7 Rc8 24. Qe2 Rxc7 25. Qe8# 1-0

[Event "Lienz Open"]
[Site "?"]
[Date "2009.02.11"]
[Round "6"]
[White "Grundner, Alois"]
[Black "Walkner, Karl"]
[Result "1-0"]
[WhiteElo "1890"]
[BlackElo "2042"]
[Annotator ",lois"]
[PlyCount "81"]
[TimeControl "240+2"]

{157MB, Fritz10.ctg, NAME-65104D6971} 1. d4 Nf6 2. c4 e6 3. Nc3 d5 4. Nf3 Be7
5. Bg5 Nbd7 6. e3 c6 7. Bd3 O-O 8. O-O Re8 9. Qc2 dxc4 10. Bxc4 b5 11. Bd3 h6
12. Bh4 a6 13. Ne4 Bb7 14. Nxf6+ Bxf6 15. Bxf6 Nxf6 16. Ne5 Qd6 17. Rac1 Rec8
18. Qc5 Qc7 19. Rc2 Nd5 20. Rfc1 Qe7 21. a3 Qxc5 22. Rxc5 Ne7 23. Be4 f6 24.
Nxc6 Bxc6 25. Bxc6 Rxc6 26. Rxc6 Nxc6 27. Rxc6 Kf7 28. Kf1 g5 29. Ke2 h5 30. f3
Ra7 31. Kd3 Ke7 32. e4 Kd7 33. d5 exd5 34. exd5 Ke7 35. Ke4 a5 36. Kf5 b4 37.
d6+ Kd7 38. Rc7+ Rxc7 39. dxc7 bxa3 40. bxa3 Kxc7 41. Kxf6 1-0